000 00458nam a2200157 i 4500
001 58875
003 ES-MaACL
005 20230906163917.0
007 t|
008 031024s1906 sp ||||1| spa d
100 1 _aElejoste y Astarbe, Pedro.
_946926
245 1 0 _aDe la adrenalina /
_cPedro Elejoste y Astarbe.
260 _aMadrid :
_b[s.n.,
_c1906] (
_fImp. de Bailly-Baillière e hijos)
502 _aTesis del doctorado.
852 _aES-MaACL
_jT-1132-F-1
999 _c58875
_d58875